Immunology /

Dades bibliogràfiques
Altres autors: Male, David K., 1954-
Format: Llibre
Idioma:English
Publicat: Edinburgh ; New York : Mosby, 2006.[Reprinted 2011]
Edició:7th ed.
Matèries:
Classic Catalogue: View this record in Classic Catalogue
LEADER 02396nam a2200361 a 4500
001 00023900
008 111205r20112006stka b 001 0 eng c
020 |a 9780323033992 
020 |a 9780808923329 
040 |a DNLM/DLC  |c DLC  |d DLC  |d BD-DhAAL 
082 0 0 |a 616.079  |2 21 
245 0 0 |a Immunology /  |c David Male... [et al.]. 
250 |a 7th ed. 
260 |a Edinburgh ;  |a New York :  |b Mosby,  |c 2006.[Reprinted 2011] 
300 |a X, 552 p. :  |b ill. (chiefly col.) ;  |c 28 cm.  
504 |a Includes bibliographical references and index. 
541 1 |e 00023900 
650 0 |a Immunology. 
650 0 |a Clinical immunology. 
650 1 2 |a Immune System. 
650 2 2 |a Immunity. 
700 1 |a Male, David K.,  |d 1954- 
852 1 |a Ayesha Abed Library  |j General shelf 
942 0 0 |0 5 
999 |c 11530  |d 11530 
952 |0 0  |1 0  |2 ddc  |4 0  |6 616_079000000000000_IMM  |7 0  |9 18758  |a BRACUL  |b BRACUL  |c GEN  |d 2011-12-02  |e Trim Education  |g 2500.00  |l 14  |m 116  |o 616.079 IMM  |p 3010023900  |r 2026-02-02  |s 2025-11-04  |t 1  |w 2011-12-05  |y BK 
952 |0 0  |1 0  |2 ddc  |4 0  |6 616_079000000000000_IMM  |7 0  |9 18759  |a BRACUL  |b BRACUL  |c GEN  |d 2011-12-02  |e Trim Education  |g 2500.00  |l 16  |m 132  |o 616.079 IMM  |p 3010023901  |r 2025-10-26  |s 2025-10-22  |t 2  |w 2011-12-05  |y BK 
952 |0 0  |1 0  |2 ddc  |4 0  |6 616_079000000000000_IMM  |7 0  |9 18760  |a BRACUL  |b BRACUL  |c GEN  |d 2011-12-02  |e Trim Education  |g 2500.00  |l 12  |m 131  |o 616.079 IMM  |p 3010023902  |r 2026-01-19  |s 2025-06-24  |t 3  |w 2011-12-05  |y BK 
952 |0 0  |1 0  |2 ddc  |4 0  |6 616_079000000000000_IMM  |7 0  |9 18842  |a BRACUL  |b BRACUL  |c GEN  |d 2011-12-12  |e PARASH PUBLISHERS  |g 2197.00  |l 13  |m 100  |o 616.079 IMM  |p 3010024052  |r 2025-11-16  |s 2025-11-06  |t 7  |w 2011-12-13  |y BK 
952 |0 0  |1 0  |2 ddc  |4 0  |6 616_079000000000000_IMM  |7 0  |9 18843  |a BRACUL  |b BRACUL  |c GEN  |d 2011-12-12  |e PARASH PUBLISHERS  |g 2197.00  |l 11  |m 106  |o 616.079 IMM  |p 3010024049  |r 2025-10-22  |s 2025-07-03  |t 4  |w 2011-12-13  |y BK 
952 |0 0  |1 0  |2 ddc  |4 0  |6 616_079000000000000_IMM  |7 0  |9 18881  |a BRACUL  |b BRACUL  |c GEN  |d 2011-12-12  |e PARASH PUBLISHERS  |g 2197.00  |l 12  |m 125  |o 616.079 IMM  |p 3010024050  |r 2025-12-23  |s 2025-12-04  |t 5  |w 2011-12-14  |y BK 
952 |0 0  |1 0  |2 ddc  |4 0  |6 616_079000000000000_IMM  |7 0  |9 18882  |a BRACUL  |b BRACUL  |c GEN  |d 2011-12-12  |e PARASH PUBLISHERS  |g 2197.00  |l 15  |m 197  |o 616.079 IMM  |p 3010024051  |r 2026-03-08  |s 2025-09-01  |t 6  |w 2011-12-14  |y BK 
952 |0 0  |1 0  |2 ddc  |4 0  |6 616_079000000000000_IMM  |7 0  |9 18883  |a BRACUL  |b BRACUL  |c GEN  |d 2011-12-12  |e PARASH PUBLISHERS  |g 2197.00  |l 18  |m 147  |o 616.079 IMM  |p 3010024053  |r 2025-12-03  |s 2025-10-19  |t 8  |w 2011-12-14  |y BK